000 00722nam a22002177a 4500
003 OSt
005 20250726020827.0
008 250726b |||||||| |||| 00| 0 eng d
020 _a978-621-8029-13-2
040 _aDWC-Main Lib
_cOC
082 _aFil. 657 M645c 2024
100 _aMillan , Zeus Vernon B.
245 _aConceptual framework & accounting standards/
_cZeus Vernon B. Millan
250 _a2024 edition
260 _aBaguio City, Philippines :
_bBandolin Enterprise,
_cc2024.
300 _axvi, 684 pages :
_billustrations ;
_c22cm.
504 _aIncludes bibliographic references.
650 _a1. Accounting.
650 _a2. Conceptual framework.
942 _2ddc
_cBK - FIL
_e2024 edition
_iFil.
_n0
999 _c3834
_d3834